| 000 | 00586nam a22002177a 4500 | ||
|---|---|---|---|
| 005 | 20241210142643.0 | ||
| 008 | 241210b ||||| |||| 00| 0 eng d | ||
| 040 | _cAL | ||
| 041 | _aEnglish | ||
| 082 |
_223 _a349.42 _bMACH |
||
| 100 |
_aMackay _9189561 |
||
| 245 | _aHalsburys Laws of England: Vol 21 | ||
| 250 | _a4. | ||
| 260 |
_aUK _bLexis Nexis _c2004 |
||
| 300 |
_a786 p. _bHB |
||
| 365 |
_a1061 _b₹4962.80 _c₹ _d₹6845.24 _e27% _f28-11-2024 |
||
| 440 |
_aVolume 21 _9189562 |
||
| 650 |
_aLaw _9189563 |
||
| 650 |
_aHighways Streets and Bridges _9189564 |
||
| 942 |
_2ddc _cBI |
||
| 999 |
_c232528 _d232528 |
||